ARRUPE JESUIT UNIVERSITY

CORONAVIRUS -STOP THE SPREAD - CLEAN,DISINFECT,COVER

The African Bible : (Record no. 127990)

MARC details
000 -LEADER
fixed length control field 00944cam a2200277 a 4500
001 - CONTROL NUMBER
control field 12175122
003 - CONTROL NUMBER IDENTIFIER
control field ARRUPE
005 - DATE AND TIME OF LATEST TRANSACTION
control field 20240708110159.0
008 - FIXED-LENGTH DATA ELEMENTS--GENERAL INFORMATION
fixed length control field 000608s1999 ke ab b 000 0 eng
010 ## - LIBRARY OF CONGRESS CONTROL NUMBER
LC control number 00283655
020 ## - INTERNATIONAL STANDARD BOOK NUMBER
International Standard Book Number 996621450X
035 ## - SYSTEM CONTROL NUMBER
System control number (DLC) 00283655
040 ## - CATALOGING SOURCE
Original cataloging agency DLC
Transcribing agency DLC
Modifying agency DLC
042 ## - AUTHENTICATION CODE
Authentication code lcode
050 00 - LIBRARY OF CONGRESS CALL NUMBER
Classification number BS192.3.A1 1999
Item number N35
082 00 - DEWEY DECIMAL CLASSIFICATION NUMBER
Classification number 220.5/2054
Edition number 21
300 ## - PHYSICAL DESCRIPTION
Other physical details ill., maps ;
Dimensions 22 cm.
130 0# - MAIN ENTRY--UNIFORM TITLE
Uniform title Bible.
Language of a work English.
Version New American.
Date of a work 1999.
9 (RLIN) 41664
245 14 - TITLE STATEMENT
Title The African Bible :
Remainder of title Biblical text of the New American Bible.
260 ## - PUBLICATION, DISTRIBUTION, ETC. (IMPRINT)
Place of publication, distribution, etc Nairobi, Kenya :
Name of publisher, distributor, etc Paulines Publications Africa,
Date of publication, distribution, etc 1999.
300 ## - PHYSICAL DESCRIPTION
Extent 2176 p. :
504 ## - BIBLIOGRAPHY, ETC. NOTE
Bibliography, etc Includes bibliographical references.
630 00 - SUBJECT ADDED ENTRY--UNIFORM TITLE
Uniform title Bible
Form subdivision Reference editions.
9 (RLIN) 41665
906 ## - LOCAL DATA ELEMENT F, LDF (RLIN)
a 7
b cbc
c origode
d 2
e ncip
f 20
g y-gencatlg
942 ## - ADDED ENTRY ELEMENTS (KOHA)
Source of classification or shelving scheme Library of Congress Classification
Koha item type Monograph ( Printed materials)
Holdings
Withdrawn status Lost status Source of classification or shelving scheme Damaged status Not for loan Collection code Home library Current library Shelving location Date acquired Total Checkouts Full call number Barcode Date last seen Price effective from Koha item type
    Library of Congress Classification     Main Collection ARRUPE COLLEGE BOOKSTORE ARRUPE COLLEGE BOOKSTORE Main Collection 15/05/2018   BS-192-2 46600001653 15/05/2018 15/05/2018 Monograph ( Printed materials)

 

Arrupe Library. PO Box MP320 Mt Pleasant, Harare, Zimbabwe
263 242 745411|librarian@aju.ac.zw